Armoiries et emblèmes de la France d'outre-mer. - Statistiques

Statistiques générales
  • Ce quiz a été pris 35 fois
  • Le résultat moyen est 8 sur 13
Statistiques - réponses
Hint Réponse % Correct

Saint-Martin
100%

Terres australes et antarctiques françaises
96%

Saint-Pierre-et-Miquelon
79%

Martinique
68%

Polynésie française
64%

Guyane
57%

Wallis-et-Futuna
57%

Nouvelle-Calédonie
54%

Mayotte
46%

Terre-de-Haut
43%

Guadeloupe
39%

Saint-Barthélemy
32%

La Réunion
25%
Aucun quiz correspondant
Distribution des résultats
% des personnes avec chaque résultat
Percentile par nombre de réponses
Votre historique - résultats
Vous n’avez pas pris ce quiz